00468cam3a220016900 4500001001200000003000500012005001700017008004100034035001900075035002200094040000900116100004900125245004300174260004600217500002900263004000600292tmp15358087UPRA20190819092354.0950801s1943 gw ger u a(Sirsi) r85698 a(UPRA)tmp15358087 cUPRA1 aGrimm, H. (Hans)qGrimm, H. (Hans)6A30505.110aLuderitzland :bsieben Begenbenheiten. aMunchen :bA. Langen - G. Muller,c[1943] aFirst published in 1934.85698